LEADER 03252oam 22006854a 450 001 9910793633303321 005 20230126221238.0 010 $a1-5261-2885-3 010 $a1-5261-4672-X 010 $a1-5261-2884-5 024 7 $a10.7765/9781526128843 035 $a(CKB)4100000008694938 035 $a(MiAaPQ)EBC5824926 035 $a(StDuBDS)EDZ0002153518 035 $a(MdBmJHUP)muse77842 035 $a(DE-B1597)659069 035 $a(DE-B1597)9781526128843 035 $a(EXLCZ)994100000008694938 100 $a20190829d2019 uy 0 101 0 $aeng 135 $aurcnu|||||||| 181 $ctxt$2rdacontent 182 $cc$2rdamedia 183 $acr$2rdacarrier 200 12$aA brief history of thrift$fAlison Hulme 210 1$aBaltimore, Maryland :$cProject Muse,$d2019 210 3$aBaltimore, Md. :$cProject MUSE,$d2019 210 4$dİ2019 215 $a1 online resource (xi, 140 pages) $cillustrations 225 1 $aManchester scholarship online 300 $aPreviously issued in print: 2019. 311 $a1-5261-2883-7 320 $aIncludes bibliographical references (pages [127]-137) and index. 327 $aTowards a theory of thrift -- Religious thrift : Puritans, Quakers and Methodists -- Individualist thrift : Benjamin Franklin, Samuel Smiles and -- Victorian moralism -- Spiritual thrift : simplicity, sensuality and politics in -- Henry Thoreau -- Nationalist thrift : making do, rationing and nostalgic austerity -- Consumer thrift : Keynes, consumer rights and the new -- thrifty consumers -- Ecological thrift : frugality, de- growth and Voluntary Simplicity -- Conclusion : Thoreau in the city. 330 $aThis book surveys 'thrift' through its moral, religious, ethical, political, spiritual and philosophical expressions, focussing in on key moments such as the early Puritans and Post-war rationing, and key characters such as Benjamin Franklin, Samuel Smiles and Henry Thoreau. The relationships between thrift and frugality, mindfulness, sustainability, and alternative consumption practices are explained, and connections made between myriad conceptions of thrift and contemporary concerns for how consumer cultures impact scarce resources, wealth distribution, and the Anthropocene. Ultimately, the book returns the reader to an understanding of thrift as it was originally used - to 'thrive' - and attempts to re-cast thrift in more collective, economically egalitarian terms, reclaiming it as a genuinely resistant practice. 410 0$aManchester scholarship online. 606 $aSocial history 606 $aConsumption (Economics) 606 $aThriftiness 610 $aabundance. 610 $aausterity. 610 $ade-growth. 610 $afrugality. 610 $aindividualism. 610 $amoralism. 610 $ascarcity. 610 $asimplicity. 610 $asolidarity. 610 $athrift. 615 0$aSocial history. 615 0$aConsumption (Economics) 615 0$aThriftiness. 676 $a332.024 700 $aHulme$b Alison$01491951 801 0$bMdBmJHUP 801 1$bMdBmJHUP 906 $aBOOK 912 $a9910793633303321 996 $aA brief history of thrift$93714107 997 $aUNINA LEADER 02379nam 2200589 450 001 9910818266303321 005 20230807220045.0 010 $a0-19-026433-0 010 $a0-19-026432-2 035 $a(CKB)3710000000437169 035 $a(EBL)2084453 035 $a(OCoLC)916911742 035 $a(SSID)ssj0001519586 035 $a(PQKBManifestationID)11936116 035 $a(PQKBTitleCode)TC0001519586 035 $a(PQKBWorkID)11520976 035 $a(PQKB)10695952 035 $a(MiAaPQ)EBC2084453 035 $a(Au-PeEL)EBL2084453 035 $a(CaPaEBR)ebr11071106 035 $a(CaONFJC)MIL803594 035 $a(OCoLC)912422075 035 $a(EXLCZ)993710000000437169 100 $a20150710h20152015 uy 0 101 0 $aeng 135 $aur|n|---||||| 181 $ctxt 182 $cc 183 $acr 200 10$aMajor depressive disorder /$fStephen M. Strakowski, MD, Erik B. Nelson, MD 210 1$aNew York, New York :$cOxford University Press,$d2015. 210 4$dİ2015 215 $a1 online resource (113 p.) 225 1 $aOxford American Psychiatry Library 300 $aDescription based upon print version of record. 311 $a0-19-020618-7 320 $aIncludes bibliographical refererences at the end of each chapters and index. 327 $a""Index"" 330 $aDepressive disorders are among the most common conditions in the world and are the leading causes of disability, affecting millions of people. Depression is also a common secondary condition, occurring at increased rates alongside virtually any illness that impacts brain function. Because it is so common, people suffering from depression seek help from a wide variety of clinicians, including: family doctors, pediatricians, gynecologists, psychiatrists, internists, psychologists, social workers and other therapists. In fact, depression is so common that the demand for care far exceeds the avail 410 0$aOxford American psychiatry library. 606 $aDepression, Mental$vHandbooks, manuals, etc 615 0$aDepression, Mental 676 $a616.85/27 700 $aStrakowski$b Stephen M.$01696070 702 $aNelson$b Erik$f1964- 801 0$bMiAaPQ 801 1$bMiAaPQ 801 2$bMiAaPQ 906 $aBOOK 912 $a9910818266303321 996 $aMajor depressive disorder$94075754 997 $aUNINA